| 000 | 00574nam a2200193Ia 4500 | ||
|---|---|---|---|
| 005 | 20260429112330.0 | ||
| 008 | 260429s9999||||xx |||||||||||||| ||und|| | ||
| 020 | _a9788126701513 | ||
| 041 | _aHindi | ||
| 082 |
_a891.431 _bKAN |
||
| 100 | _aकांत, शोभा | ||
| 245 | 0 |
_aनागार्जुन रचनावली / _cशोभा कांत |
|
| 250 | _a1st rev. | ||
| 260 |
_aनई दिल्ली : _bराजकमल प्रकाशन, _c2011. |
||
| 300 | _avi, 518 p.; hb | ||
| 440 | _vVol. 2 | ||
| 650 | _aPoetry | ||
| 942 | _cTB | ||
| 999 |
_c53544 _d53544 |
||